000 00783cam a2200229 4500
001 WB3605-10
008 000000n2000 000 0 eng u
035 _a(Sirsi) u103925
245 4 _aThe EC Harris/Construction News Contractors' Input Cost Index
260 _c2000
490 _aConstruction News
_v (6650) 27 January 2000, 18(2)
520 _aPresents the figures from the most recent cost survey conducted by EC Harris. This shows increases in labour costs and tender prices remaining ahead of inflation. Tables.
590 _aWB
650 _aCOST INDICES
650 _aEC HARRIS
650 _aINFLATION
650 _aFORECASTS
650 _aOUTPUT INDEX
650 _aBCIS ALL-IN TENDER PRICE INDEX
690 _aBUILT ENVIRONMENT-BUILDING COSTS
942 _n0
999 _c62377
_d62377